| 000 | 01235cam a2200241 4500 | ||
|---|---|---|---|
| 001 | X113025 | ||
| 008 | 000000n2001 000 0 eng u | ||
| 035 | _a(Sirsi) u113025 | ||
| 100 | _aCatterall, S. | ||
| 245 | _aAlternative sites can be a legitimate issue | ||
| 260 | _c2001 | ||
| 490 |
_aPlanning (for the Natural and Built Environment) _v(1419)18 May 2001, 22(1) |
||
| 520 | _aConsiders "R v North Warwickshire BC ex p Jones" concerning an application to overturn the grant of planning permission for a housing development on the grounds that the local authority had completely failed to consider alternative sites. Held that it is within the local authority's discretion to decide what is a material consideration, and that it was justified in this case. Alternatives would only be relevant in exceptional cases. | ||
| 650 | _aPLANNING PERMISSION | ||
| 650 | _aALTERNATIVE SITES | ||
| 650 | _aLOCAL AUTHORITIES | ||
| 650 | _aMATERIAL CONSIDERATION | ||
| 650 | _aR V NORTH WARWICKSHIRE BC EX P JONES | ||
| 650 | _aTRUST HOUSE FORTE HOTELS LTD V SOS ENVIRONMENT AND ANOTHER | ||
| 650 | _aNOTTINGHAMSHIRE CC V SOS ENVIRONMENT | ||
| 690 | _aENVIRONMENTAL AND LAND CONSULTANCY-PLANNING AND DEVELOPMENT | ||
| 942 | _n0 | ||
| 999 |
_c67272 _d67272 |
||